| 000 | 00565nam a2200193 a 4500 | ||
|---|---|---|---|
| 005 | 20240925064000.0 | ||
| 008 | 080625s1970 mx r 000 0 spa d | ||
| 035 | _aUPN01000157575 | ||
| 049 | _aUNE | ||
| 080 | 1 | 4 | _aOC 016: 396 (728.7) BIB. |
| 245 | 0 | 0 | _aBibliografía de obras panameñas escritas por mujeres y sobre ellas. |
| 260 |
_aPanamá : _bMinisterio de Educación, _c1970. |
||
| 300 | _a55 p. | ||
| 690 |
_aMujeres _97160 |
||
| 690 | _aBibliografías | ||
| 690 | _aPanamá | ||
| 710 | 1 |
_aPanamá. _bMinisterio de Educación _928593 |
|
| 905 | _aUNESCO | ||
| 999 |
_c129689 _d129689 |
||